College Quizbowl Stats
College Quizbowl Stats
Circuits
Seasons
Sets
Records
Detailed Stats
About
Loading...
2024 ACF Winter at Ohio State
Tossups
Bonuses
Players
Teams
Categories (Tossup)
Categories (Bonus)
Ciaran
Kenyon A
Categories
Category
Powers
Gets
Negs
BBs
Points
Earliest Buzz
Avg. Buzz
First Buzzes
Top 3 Buzzes
History - American History
0
1
0
0
10
114
114.00
0
0
Literature - British Literature
0
1
0
0
10
90
90.00
0
1
Literature - European Literature
0
1
0
0
10
132
132.00
0
1
Mythology
0
1
0
0
10
127
127.00
0
0
Philosophy
0
1
0
0
10
82
82.00
0
1
Buzzes
Category
Answer
Value
Buzz Position
Philosophy
Meditations on First Philosophy
10
82
Literature - British Literature
spirits
10
90
History - American History
Thomas Jefferson
10
114
Mythology
the moon
10
127
Literature - European Literature
Johann Wolfgang von Goethe
10
132
Previous
1
Next